000 01003cam a22003257a 4500
003 CHAP
005 20220329134540.0
008 971013s1980 us a r 00010 eng d
010 _a22016
011 _a22988
035 _a27083
040 _cCHAP
082 0 4 _a632.4
_bC65
100 0 0 _aColey-Smith, J. R.
_eed.
_925133
245 1 4 _aThe biology of Botrytis
260 _aNew York :
_bAcademic Press,
_c1980
300 _a318 p.
_b: ilus.
590 _aBATCH-UPD
_b10
_c20130110
_lUCH01
_h1654
590 _aBATCH-UPD
_b10
_c20130410
_lUCH01
_h1043
590 _aBATCH-UPD
_b10
_c20130914
_lUCH01
_h0745
590 _aCONVERSION
_b10
_c20130109
_lUCH01
_h1313
650 1 4 _aBotrytis cinerea.
_914705
650 1 4 _aBotrytis.
_914704
650 1 4 _aHongos fitopatógenos.
_956132
700 0 _aJarvis, William R.
_eed.
_961204
700 0 _aVerhoeff, K.
_eed.
_9118906
901 _aBK
942 _cLIBRO
949 _a632.4 C65
_bBC
_cLIBRO
_d33724000177408
_eLIBRO
_gI. 125919
_h65207
_i27083
_mDir
_sb
_t15044.00
999 _c22016
_d22016